| 000 | 01223nam a22002177a 4500 | ||
|---|---|---|---|
| 999 |
_c61810 _d61810 |
||
| 003 | Ge_BSU | ||
| 005 | 20240516131619.0 | ||
| 008 | 240516s2014 ge ||||| |||| 00| 0 geo d | ||
| 020 | _a9789941216985 | ||
| 041 | _ageo | ||
| 080 | _a821.111(73)-311.6 დ-31 | ||
| 100 |
_aდელილო, დონ _922105 |
||
| 245 |
_aკაცი რომელიც ვარდება = Falling man : [რომანი] / _cდონ დელილო; ინგლისურიდან თარგმნა ეკატერინე სუმბათაშვილმა; რედაქტორი თამარ ჟურული; დიზაინერი ეთო გზირიშვილი. |
||
| 264 |
_aთბილისი : _bპალიტრა L, _c2014. |
||
| 300 |
_a264 გვ. ; _b20 სმ. |
||
| 653 | _aამერიკული პროზა | ||
| 700 |
_aსუმბათაშვილი, ეკატერინე _eმთარგმნელი _9260 |
||
| 700 |
_aჟურული, თამარ _e რედაქტორი _916161 |
||
| 700 |
_aგზირიშვილი, ეთო _eდიზაინერი _911677 |
||
| 942 |
_2udc _cᲬᲘᲒᲜᲘ |
||